Elementi di filosofía

Enregistré dans:
Détails bibliographiques
Auteur principal: Vanni-Rovighi, Sofía
Format: Livre
Langue:Undetermined
Publié: Milan, Italia Carlo Marzorati 1948
Édition:3
Sujets:
Tags: Ajouter un tag
Pas de tags, Soyez le premier à ajouter un tag!

MARC

LEADER 00000nam a2200000Ia 4500
008 170316s9999 xx 000 0 und d
090 |a 100 V-3.1e 
100 |a Vanni-Rovighi, Sofía 
245 |a Elementi di filosofía 
250 |a 3 
260 |a Milan, Italia 
260 |b Carlo Marzorati 
260 |c 1948 
300 |a 243 páginas Vol.II 
650 |a FILOSOFÍA 
999 |c 17879  |d 17879 
040 |a cru BVZT 
942 |c 15 D  |h 100 V-3.1e  |2 z